Регионална библиотека "Любен Каравелов" - Русе

Нормален изглед MARC изглед
  • Дом на хумора и сатирата Габрово

Вход 09. Предметна рубрика

Брой записи, използвани в: 0

001 - Контролен номер на записа

  • Контролно поле: 153650

003 - Код на организацията, даваща контролен номер

  • Контролно поле: BLK

005 - Дата и час на последна промяна на записа

  • Контролно поле: 20180412185810.0

008 - Данни с фиксирана дължина – обща информация

  • Данни с фиксирана дължина : 180403de acz||aaba | aaa d

150 ## - ТЕМАТИЧНА ПРЕДМЕТНА РУБРИКА

  • Редна дума или Топографско име: Дом на хумора и сатирата Габрово

942 ## - Системна служебна употреба

  • Koha auth type: TOPIC_TERM
Vip Innovations Ltd, Rousse, Bulgaria 2025